| 000 | 01713cam a2200469 a 4500 | ||
|---|---|---|---|
| 001 | 21874 | ||
| 003 | VRT | ||
| 005 | 20260313141049.0 | ||
| 008 | 240226s1993 xo a gr 000 j slo | ||
| 015 | _aSNBA1994/01 | ||
| 020 |
_a8070902639 _q(viazané) |
||
| 035 | _aSNK000016594 | ||
| 039 | 9 |
_a202402261442 _bVLOAD _c202311211901 _dVLOAD _c202211301406 _dmsnk24 _c202211301405 _dmsnk24 |
|
| 040 |
_aSNK _bslo _cSNK _eAACR2 |
||
| 041 | 0 | _aslo | |
| 044 |
_axo _cSK |
||
| 072 | 7 |
_a821.162.4 _xSlovenská literatúra _2konspekt |
|
| 080 |
_a885.4-3(087.5) _21981 |
||
| 080 |
_a821.162.4-34 _22011 |
||
| 080 |
_a(0:82-343) _22011 |
||
| 100 | 1 |
_aMarec, Anton, _d1953-2021 _4aut |
|
| 245 | 1 | 0 |
_aZakliaty hrad v Tatrách _blegendy, báje a povesti z Tatier _cAnton Marec ; [ilustrácie Igor Cvacho] |
| 250 | _a1. vyd. | ||
| 260 |
_aMartin _bMatica slovenská _c1993 _eLiptovský Mikuláš _fTeLeM |
||
| 300 |
_a115 strán _bilustrácie _c25 cm |
||
| 651 | 7 |
_aTatry (Slovensko : región) _2SNPHgeo |
|
| 655 | 7 |
_aslovenské povesti _2SNKPH |
|
| 655 | 7 |
_abáje _2SNKPH |
|
| 655 | 7 |
_alegendy _2SNKPH |
|
| 700 | 1 |
_aCvacho, Igor, _d1961- _4ill |
|
| 910 | _asnk | ||
| 942 |
_2ddc _cKLDE _n0 |
||
| 949 |
_63830001040256 _akurukT18/MARE1-5 _bkuruk2010/F367 |
||
| 949 |
_617A0053459 _9P60, <04>, [BOOK], {604} _asnkSC 84978 D1 |
||
| 949 |
_63830001004732 _akurukT18/MARE1-5 |
||
| 949 |
_6270001000038346 _asvkbbB 27898 _p582.006 |
||
| 949 |
_617A0996373 _asnkSC 84978 _bsnkKSP 403/94 _s6100:20221206 |
||
| 949 |
_6273K0484369 _91 _asvkpoB 62415 _bsvkpo396919 _oPV 355/94 |
||
| 949 |
_617A0254935 _asnkSC 84978 D2 _bsnkD 924/94 |
||
| 949 |
_617A0254424 _asnkSC 84978 D3 _bsnkD 925/94 |
||
| 949 |
_617A0254668 _asnkSC 84978 D4 _bsnkD 926/94 |
||
| 999 |
_c21874 _d21874 |
||